| 000 | 00793nas a2200241 i 4500 | ||
|---|---|---|---|
| 001 | 976 | ||
| 003 | ES-MaACL | ||
| 005 | 20250217134012.0 | ||
| 007 | t| | ||
| 008 | 950801c1940 gw | | 1 ||er d | ||
| 080 | _a430 | ||
| 245 | 0 | 0 |
_aDeutsche national bibliographie _b: bearbeitet von der Deutschen Bücherei / _cherausgegeben und verlegt, von Börsenverein der Deutschen Buchhèandler zu Leipzig. |
| 260 |
_aLeipzig : _bDruck E. Hedrich Nachf, _c[1940?] ( _fHedrich Nachf) |
||
| 300 |
_a16 v. ; _c21 cm. |
||
| 310 | _aSemanal | ||
| 362 | 0 | _a[1940?]- | |
| 500 | _aPublicación semanal, con registros mensuales y trimestrales. | ||
| 650 | 4 |
_aBibliografía. _910516 |
|
| 700 | 1 |
_aFrels, Wilhem. _952495 |
|
| 852 |
_aES-MaACL _jHem-724 |
||
| 866 | 0 | _o(1940-44). | |
| 999 |
_c976 _d976 |
||